Human Rights of Women (Record no. 14345)

MARC details
000 -LEADER
fixed length control field 00581nam a2200241 a 4500
020 ## - INTERNATIONAL STANDARD BOOK NUMBER
ISBN 817880X
082 00 - DEWEY DECIMAL CLASSIFICATION NUMBER
Classification number 305.4
Author Cutter ROY
100 ## - MAIN ENTRY--AUTHOR NAME
Author name Roy, Ashine
245 ## - TITLE STATEMENT
Title Human Rights of Women
260 ## - PUBLICATION, DISTRIBUTION, ETC. (IMPRINT)
Place of publication Delhi
Name of publisher Rajat Publications
Year of publication 2003
300 ## - PHYSICAL DESCRIPTION
Number of Pages 302p
500 ## - GENERAL NOTE
General note includes index and biblioraphy
505 2# - FORMATTED CONTENTS NOTE
Formatted contents note Index
650 ## - SUBJECT ADDED ENTRY--TOPICAL TERM
Topical Term Women and Human Rights
942 ## - ADDED ENTRY ELEMENTS (KOHA)
Koha item type Books
700 1# -
-- Roy, Ashine
Holdings
Collection code Home library Current library Date acquired Cost, normal purchase price Full call number Accession Number Koha item type
  Henry Martyn Institute Library Henry Martyn Institute Library 04/21/2009 600.00 305.4 ROY 020443 Books
                   Copyright © 2026 | Henry Martyn Institute | Hyderabad | TS-500052 | INDIA | Implemented by hmi.edu.in
Hit-Count:

Powered by Koha